Name the team: English Players - Statistics

General Stats
  • This quiz has been taken 36 times
    30 since last reset
  • The average score is 11 of 15
Answer Stats
Hint Answer % Correct
Harry Kane Bayern Munich
100%
Jude Bellingham Real Madrid
100%
Declan Rice Arsenal
96%
Ollie Watkins Aston Villa
92%
Nick Pope Newcastle United
92%
Rico Lewis Manchester City
85%
Fikayo Tomori AC Milan
73%
Michael Olise Crystal Palace
73%
Tammy Abraham Roma FC
73%
Jadon Sancho Dortmund
65%
Mason Greenwood Getafe
58%
James Tavernier Rangers
58%
Paul Mullin Wrexham
46%
Fraser Forster Tottenham Hotspurs
31%
Jessie Lingard FC Seoul
23%
No matching quizzes found
Score Distribution
Percent of People with Each Score
Percentile by Number Answered
Your Score History
You have not taken this quiz since the last reset